| 000 | 00645nam a22002057a 4500 | ||
|---|---|---|---|
| 003 | OSt | ||
| 005 | 20240709112747.0 | ||
| 008 | 240709b |||||||| |||| 00| 0 eng d | ||
| 020 | _a1845424271 | ||
| 040 | _cmust | ||
| 082 | _a338.04 NAR 2004 | ||
| 245 |
_anarrative and discursive approaches in entreneurship: _bA second movements in entrepreneurship book/ _cedited by Daniel HJorth and Chris Steyaert. |
||
| 260 |
_aCheltenham: _bEsbri; _cc2004. |
||
| 300 |
_aviii,318p.: _c24cm. |
||
| 504 | _aIncludes references | ||
| 650 | _2entrepreneurship | ||
| 700 |
_aHjorth,Daniel _918540 |
||
| 700 |
_aSteyaert,Chris. _918541 |
||
| 942 |
_2ddc _cO_SHELF |
||
| 999 |
_c9107 _d9107 |
||